[Event "WCh-Women"]
[Site "Nalchik RUS"]
[Date "2008.08.29"]
[Round "1.1"]
[White "Xu Yuhua"]
[Black "Solomons,A"]
[Result "1-0"]
[WhiteElo "2483"]
[BlackElo "1895"]
[EventDate "2008.08.29"]

1. e4 e5 2. Nf3 Nc6 3. Bc4 Be7 4. d3 Nf6 5. O-O d6 6. c3 O-O 7. Bb3 Re8 8.
Re1 Bf8 9. Nbd2 Be6 10. Nf1 Rb8 11. Ng3 Bxb3 12. Qxb3 g6 13. d4 Bg7 14. d5
Ne7 15. Be3 b6 16. h3 Nd7 17. Qc2 Rf8 18. Rad1 h6 19. Nh2 f5 20. exf5 gxf5
21. f4 e4 22. Nh5 Qe8 23. Nxg7 Kxg7 24. c4 Nc5 25. Bxc5 bxc5 26. g4 Qg6 27.
Kh1 Rbe8 28. Rg1 Kh7 29. Rde1 Ng8 30. Nf1 fxg4 31. Rxg4 Qh5 32. Rxe4 Qxh3+
33. Nh2 Kh8 34. Re6 Nf6 35. Rg6 Rxe6 36. dxe6 Nh7 37. e7 Re8 38. Qe4 Qh5
39. Qe6 Qd1+ 40. Rg1 Qh5 41. Rg4 Rb8 42. Kg1 Qe8 43. Nf3 Rxb2 44. Rg8+
Qxg8+ 45. Qxg8+ Kxg8 46. e8=Q+ Kg7 47. f5 Nf8 48. Qe7+ 1-0

[Event "WCh-Women"]
[Site "Nalchik RUS"]
[Date "2008.08.29"]
[Round "1.1"]
[White "Alaa el Din,Y"]
[Black "Koneru,H"]
[Result "0-1"]
[WhiteElo "1959"]
[BlackElo "2622"]
[EventDate "2008.08.29"]

1. f4 Nf6 2. Nc3 d5 3. Nf3 g6 4. g3 Bg7 5. Bg2 O-O 6. O-O b6 7. d3 Bb7 8.
Qe1 d4 9. Nd1 c5 10. e4 dxe3 11. Nxe3 e6 12. Qe2 Nc6 13. c3 Qc7 14. Bd2
Rad8 15. Rad1 Rfe8 16. Bc1 Nd5 17. Ng5 h6 18. Nf3 Nxe3 19. Bxe3 e5 20. Qf2
Ba6 21. Qe2 Bb7 22. Qf2 Ba6 23. Ne1 e4 24. Rd2 exd3 25. Nf3 Ne7 26. Re1 Nd5
27. Bf1 Nf6 28. Qg2 Ng4 29. Bf2 c4 30. Qh3 Bc8 31. Qg2 Bb7 32. Qh1 Rxe1 33.
Bxe1 Qc5+ 34. Bf2 Nxf2 35. Rxf2 d2 0-1

[Event "WCh-Women"]
[Site "Nalchik RUS"]
[Date "2008.08.29"]
[Round "1.1"]
[White "Hou Yifan"]
[Black "Mona,K"]
[Result "1-0"]
[WhiteElo "2557"]
[BlackElo "2007"]
[EventDate "2008.08.29"]

1. e4 e5 2. Nf3 Nc6 3. Bb5 Nge7 4. Nc3 g6 5. d4 exd4 6. Nd5 Bg7 7. Bg5 h6
8. Bf6 Bxf6 9. Nxf6+ Kf8 10. O-O Nf5 11. Nd5 Ng7 12. Bc4 Ne6 13. Qd2 b6 14.
c3 Na5 15. Be2 c6 16. Nf4 dxc3 17. Nxe6+ fxe6 18. Qxc3 Kg8 19. Rad1 Qe8 20.
Ne5 h5 21. b4 Nb7 22. Rd3 Kh7 23. Rh3 Nd8 24. Nxg6 Kxg6 25. Rg3+ 1-0

[Event "WCh-Women"]
[Site "Nalchik RUS"]
[Date "2008.08.29"]
[Round "1.1"]
[White "Cramling,P"]
[Black "Sanchez Castillo,S"]
[Result "1-0"]
[WhiteElo "2544"]
[BlackElo "2202"]
[EventDate "2008.08.29"]

1. d4 d5 2. Nf3 c6 3. c4 Nf6 4. Qc2 e6 5. Bg5 Nbd7 6. Nbd2 Qa5 7. a3 Ne4 8.
Bf4 Ndf6 9. c5 Be7 10. h3 O-O 11. e3 Qd8 12. Bd3 Nxd2 13. Kxd2 b6 14. Ne5
Bb7 15. b4 bxc5 16. bxc5 Ne4+ 17. Bxe4 dxe4 18. Rhb1 f6 19. Ng6 hxg6 20.
Rxb7 e5 21. Bg3 exd4 22. Qc4+ Kh7 23. exd4 f5 24. Be5 Bf6 25. Bd6 Re8 26.
h4 f4 27. h5 e3+ 28. fxe3 fxe3+ 29. Ke2 Qc8 30. hxg6+ Kh6 31. Bf4+ Kh5 32.
Rh1+ Bh4 33. Rxg7 Qg4+ 34. Kd3 Qf5+ 35. Kc3 Qxf4 36. Rh7+ Kxg6 37. R7xh4
Qf5 38. R1h3 e2 39. Rg3+ Kf6 40. Rh6+ Ke7 1-0

[Event "WCh-Women"]
[Site "Nalchik RUS"]
[Date "2008.08.29"]
[Round "1.1"]
[White "Zhao Xue"]
[Black "Zuriel,M"]
[Result "1-0"]
[WhiteElo "2522"]
[BlackElo "2231"]
[EventDate "2008.08.29"]

1. Nf3 Nf6 2. c4 g6 3. Nc3 Bg7 4. e4 d6 5. d4 O-O 6. Be2 e5 7. Be3 h6 8.
O-O Ng4 9. Bc1 Nc6 10. d5 Ne7 11. Nd2 f5 12. Bxg4 fxg4 13. b4 a5 14. bxa5
Rxa5 15. a4 g5 16. Ba3 Ng6 17. c5 Rf7 18. cxd6 cxd6 19. Rc1 Rc7 20. Qb3 Nf4
21. Nc4 Ra6 22. Rc2 Bf8 23. Nb5 Rxc4 24. Rxc4 Bd7 25. Rb1 h5 26. Nc3 b6 27.
Nb5 h4 28. Rc6 Qf6 29. Bxd6 g3 30. Rf1 h3 31. Bxf8 Qxf8 32. hxg3 hxg2 33.
gxf4 gxf1=Q+ 34. Kxf1 Bxc6 35. dxc6+ Kg7 36. Nc7 Qc8 37. Nxa6 Qxa6+ 38. Qb5
1-0

[Event "WCh-Women"]
[Site "Nalchik RUS"]
[Date "2008.08.29"]
[Round "1.1"]
[White "Kosteniuk,A"]
[Black "Pourkashiyan,A"]
[Result "1-0"]
[WhiteElo "2510"]
[BlackElo "2269"]
[EventDate "2008.08.29"]

1. e4 e5 2. Nf3 Nf6 3. d4 Nxe4 4. Bd3 d5 5. dxe5 Be7 6. O-O Nc6 7. Nc3 Nxc3
8. bxc3 Bg4 9. Re1 Qd7 10. h3 Be6 11. Rb1 Rb8 12. Ng5 Bxg5 13. Bxg5 O-O 14.
Qf3 Rfe8 15. Rbd1 Ne7 16. c4 Qc6 17. cxd5 Bxd5 18. Qg3 Ng6 19. h4 h5 20. f4
Qc5+ 21. Kh2 Bxa2 22. Bf6 gxf6 23. Bxg6 fxe5 24. Rd7 Kh8 25. Qg5 Qf8 26.
Qxh5+ Kg7 27. Qh7+ Kf6 28. fxe5+ Rxe5 29. Rf1+ Ke6 30. Rfxf7 1-0

[Event "WCh-Women"]
[Site "Nalchik RUS"]
[Date "2008.08.29"]
[Round "1.1"]
[White "Golubenko,Valen"]
[Black "Cmilyte,V"]
[Result "0-1"]
[WhiteElo "2271"]
[BlackElo "2508"]
[EventDate "2008.08.29"]

1. e4 c5 2. Nf3 Nc6 3. c3 d5 4. exd5 Qxd5 5. d4 Bg4 6. Be2 e6 7. O-O cxd4
8. cxd4 Nf6 9. Nc3 Qd6 10. Be3 Be7 11. a3 O-O 12. b4 Rfd8 13. b5 Na5 14.
Qa4 b6 15. Ne5 Rac8 16. Nf3 Ra8 17. Ne5 Rac8 18. Bxg4 Nxg4 19. Nxg4 Rxc3
20. Rfc1 Rxc1+ 21. Rxc1 Qxa3 22. Qxa3 Bxa3 23. Rc7 h5 24. Ne5 Bd6 25. Rc1
Bxe5 26. dxe5 Nc4 27. Bg5 Rd7 28. Ra1 Nxe5 29. h3 Nc4 30. Bf4 e5 31. Bg3 f6
32. f4 e4 33. f5 Rd5 34. Rc1 Na3 35. Re1 Nxb5 36. Rxe4 Rd7 0-1

[Event "WCh-Women"]
[Site "Nalchik RUS"]
[Date "2008.08.29"]
[Round "1.1"]
[White "Zakurdjaeva,I"]
[Black "Ruan Lufei"]
[Result "0-1"]
[WhiteElo "2308"]
[BlackElo "2499"]
[EventDate "2008.08.29"]

1. e4 e5 2. Nf3 Nc6 3. Bc4 Bc5 4. c3 Nf6 5. d3 a6 6. Nbd2 Ba7 7. Bb3 O-O 8.
h3 d5 9. Qe2 d4 10. Nf1 b5 11. Bd2 Qd6 12. c4 Be6 13. cxb5 axb5 14. Ng3 Ne7
15. O-O Bb6 16. Nxe5 Bxb3 17. Nf3 Rxa2 18. Rxa2 Bxa2 19. e5 Qd7 20. exf6
gxf6 21. Nh4 Kh8 22. Re1 Ng6 23. Bh6 Rg8 24. Qf3 Qd8 25. Nhf5 Be6 26. Qe4
c5 27. Nh5 Bxf5 28. Qxf5 Nh4 29. Qxf6+ Qxf6 30. Nxf6 Nf3+ 31. Kf1 Nxe1 32.
Nxg8 Nxd3 33. Ne7 Nxb2 34. f4 Bd8 35. Nc6 Bf6 36. f5 d3 37. Ke1 c4 0-1

[Event "WCh-Women"]
[Site "Nalchik RUS"]
[Date "2008.08.29"]
[Round "1.1"]
[White "Zhukova,N"]
[Black "Rohonyan,K"]
[Result "0-1"]
[WhiteElo "2489"]
[BlackElo "2321"]
[EventDate "2008.08.29"]

1. d4 e6 2. e4 c5 3. d5 exd5 4. exd5 d6 5. c4 Nf6 6. Nc3 Be7 7. h3 Bf5 8.
Bd3 Bg6 9. Nge2 Nbd7 10. f4 Bxd3 11. Qxd3 O-O 12. b3 a6 13. Bb2 Ne8 14. O-O
Bf6 15. a4 Nc7 16. Rab1 Re8 17. Kh2 Rb8 18. a5 b5 19. axb6 Rxb6 20. Bc1 g6
21. Bd2 Bg7 22. Na4 Rb8 23. Ba5 Nf6 24. b4 cxb4 25. Nd4 Qd7 26. Nc6 Rb7 27.
Rfe1 Rxe1 28. Rxe1 Bf8 29. g4 Na8 30. Bd8 Ne8 31. Qe3 Ng7 32. Bf6 b3 33.
Rb1 h5 34. Kg3 hxg4 35. hxg4 Nf5+ 36. gxf5 Qxf5 37. Rxb3 Rxb3 38. Qxb3 Qxf6
39. Qb8 Qa1 40. Nb2 Nc7 41. Nd8 Qa3+ 42. Kg2 Nb5 43. cxb5 Qxb2+ 44. Kg3
Qxb5 45. Qa8 a5 46. Nc6 a4 47. f5 Qd3+ 48. Kh2 Qe2+ 49. Kg3 Qe3+ 50. Kh2 a3
0-1

[Event "WCh-Women"]
[Site "Nalchik RUS"]
[Date "2008.08.29"]
[Round "1.1"]
[White "Hoang Thanh Trang"]
[Black "Arribas Robaina,M"]
[Result "1-0"]
[WhiteElo "2487"]
[BlackElo "2323"]
[EventDate "2008.08.29"]

1. d4 d5 2. c4 c6 3. Nf3 Nf6 4. Qc2 g6 5. g3 Bg7 6. Bg2 O-O 7. O-O dxc4 8.
Qxc4 Be6 9. Qc2 Bf5 10. Qb3 Qb6 11. Nc3 Qxb3 12. axb3 Na6 13. Bf4 Nb4 14.
Ra4 Nbd5 15. Be5 Rfd8 16. Re1 h6 17. Nd2 Nb6 18. Ra5 Ne8 19. Bxg7 Kxg7 20.
e4 Be6 21. d5 Bd7 22. Nc4 e6 23. Nxb6 axb6 24. Rxa8 Rxa8 25. Na4 cxd5 26.
Nxb6 Rd8 27. exd5 Nd6 28. Nxd7 Rxd7 29. dxe6 Re7 30. Bh3 f5 31. Bg2 Ne4 32.
Bxe4 Rxe6 33. f3 Kf6 34. Kf2 fxe4 35. Rxe4 Rb6 36. Re3 g5 37. g4 Kg6 38.
Kg3 h5 39. gxh5+ Kxh5 40. f4 Rb4 41. fxg5 Kxg5 42. h3 Kf5 43. Kf3 Rd4 44.
Ke2 Rd7 45. Rd3 Rc7 46. Kd2 Ke4 47. h4 Rh7 48. Rh3 Rh5 49. Kc3 Rc5+ 50. Kb4
Rh5 51. Kc4 b6 52. b4 b5+ 53. Kc3 Rh6 54. h5 Rc6+ 55. Kd2 Rh6 56. Rh4+ Kf3
57. Kd3 Kg3 58. Rh1 Kf4 59. Kd4 1-0

[Event "WCh-Women"]
[Site "Nalchik RUS"]
[Date "2008.08.29"]
[Round "1.1"]
[White "Ushenina,A"]
[Black "Le Thanh Tu"]
[Result "1-0"]
[WhiteElo "2476"]
[BlackElo "2325"]
[EventDate "2008.08.29"]

1. d4 d5 2. c4 c6 3. Nc3 Nf6 4. e3 a6 5. Qc2 e6 6. Nf3 c5 7. cxd5 exd5 8.
Be2 Nc6 9. Ne5 Qc7 10. Nxc6 Qxc6 11. O-O Be6 12. Bf3 Rc8 13. dxc5 Bxc5 14.
Bd2 O-O 15. Rfd1 b5 16. Be1 Qb6 17. Qd3 Rfd8 18. Ne2 b4 19. Nd4 a5 20. a3
Ra8 21. Rac1 Nd7 22. axb4 axb4 23. Qb3 Ne5 24. Be2 Rac8 25. Nxe6 fxe6 26.
h3 Be7 27. Ra1 Nc4 28. Ra4 Na5 29. Qa2 Nc6 30. Ra6 Qb7 31. Qa4 Bf6 32. Bb5
Nb8 33. Ra7 Qb6 34. Bxb4 Bxb2 35. Be7 Bf6 36. Bxf6 gxf6 37. Qg4+ 1-0

[Event "WCh-Women"]
[Site "Nalchik RUS"]
[Date "2008.08.29"]
[Round "1.1"]
[White "Foisor,S"]
[Black "Socko,M"]
[Result "1/2-1/2"]
[WhiteElo "2337"]
[BlackElo "2473"]
[EventDate "2008.08.29"]

1. d4 Nf6 2. c4 e6 3. Nc3 Bb4 4. Qc2 O-O 5. Nf3 c5 6. dxc5 Na6 7. g3 Nxc5
8. Bg2 Nce4 9. O-O Nxc3 10. bxc3 Be7 11. e4 d6 12. e5 dxe5 13. Nxe5 Qc7 14.
Qe2 Nd7 15. Bf4 Nxe5 16. Bxe5 Bd6 17. Bxd6 Qxd6 18. Rab1 Rb8 19. Rfd1 Qc7
20. Qd3 b6 21. Qd6 Qxd6 22. Rxd6 e5 23. Rb5 Ba6 24. Rxe5 Bxc4 25. Bd5 Bxd5
26. Rexd5 g6 27. Rd7 a5 28. c4 Rfc8 29. Rd4 Rc6 30. Rf4 Rf8 31. Kf1 f6 32.
Ke2 Re6+ 33. Kf3 Rf7 34. Rd8+ Kg7 35. Rfd4 f5 36. h4 h6 37. Rc8 Rfe7 38. c5
bxc5 39. Rxc5 Ra7 40. a4 h5 41. Kf4 Kf6 42. f3 Ra8 43. Rdc4 Rd6 44. Rb5 Re6
45. g4 fxg4 46. fxg4 hxg4 47. Kxg4 Rae8 48. Rf4+ Kg7 49. h5 gxh5+ 50. Rxh5
Re5 51. Rxe5 1/2-1/2

[Event "WCh-Women"]
[Site "Nalchik RUS"]
[Date "2008.08.29"]
[Round "1.1"]
[White "Zhang Jilin"]
[Black "Gaponenko,I"]
[Result "1/2-1/2"]
[WhiteElo "2344"]
[BlackElo "2468"]
[EventDate "2008.08.29"]

1. e4 c5 2. Nf3 d6 3. d4 cxd4 4. Nxd4 Nf6 5. Nc3 Nc6 6. Bg5 e6 7. Qd2 Be7
8. O-O-O Nxd4 9. Qxd4 O-O 10. f3 a6 11. h4 b5 12. Kb1 Bb7 13. Bd3 Qc7 14.
h5 h6 15. Bh4 Rfe8 16. Qf2 Qc5 17. Ne2 Qxf2 18. Bg3 Rab8 19. Bxf2 Rbc8 20.
c3 Nd7 21. Bc2 Ne5 22. a4 d5 23. exd5 Bxd5 24. Nf4 Bc6 25. axb5 axb5 26.
Rhe1 Nc4 27. Nd3 Bg5 28. b3 Na3+ 29. Kb2 Nxc2 30. Kxc2 Bf6 31. Ne5 Bd5 32.
Bd4 Ra8 33. Ra1 Bxe5 34. Bxe5 f6 35. Bd6 Kf7 36. Kb2 e5 37. Rad1 Be6 38.
Bb4 Red8 39. Rxd8 Rxd8 40. Kc2 Bf5+ 41. Kc1 Be6 42. Kc2 Bf5+ 43. Kc1 Be6
44. Kc2 Bf5+ 1/2-1/2

[Event "WCh-Women"]
[Site "Nalchik RUS"]
[Date "2008.08.29"]
[Round "1.1"]
[White "Nebolsina,V"]
[Black "Harika,D"]
[Result "0-1"]
[WhiteElo "2350"]
[BlackElo "2461"]
[EventDate "2008.08.29"]

1. d4 Nf6 2. c4 e6 3. Nf3 d5 4. g3 Bb4+ 5. Bd2 Be7 6. Bg2 c6 7. Qc2 O-O 8.
O-O b6 9. b3 Ba6 10. Bf4 Nbd7 11. Ne5 Rc8 12. cxd5 Nxe5 13. d6 Ng6 14. dxe7
Qxe7 15. Bc1 Rfd8 16. Ba3 Qd7 17. Nc3 Qxd4 18. Rad1 Qe5 19. Rxd8+ Rxd8 20.
Bxc6 Qc7 21. Bg2 Nd5 22. Bxd5 exd5 23. Qd2 d4 24. Ne4 Qe5 25. f3 f5 26. Qg5
Rd7 27. Nd6 Rxd6 28. Bxd6 Qxd6 29. Kf2 Qe5 30. Re1 Kf7 31. e4 f4 32. gxf4
Qxf4 33. Qd5+ Ke7 34. Kg1 Ne5 0-1

[Event "WCh-Women"]
[Site "Nalchik RUS"]
[Date "2008.08.29"]
[Round "1.1"]
[White "Kosintseva,N"]
[Black "Mohota,N"]
[Result "1-0"]
[WhiteElo "2460"]
[BlackElo "2354"]
[EventDate "2008.08.29"]

1. e4 Nf6 2. e5 Nd5 3. d4 d6 4. c4 Nb6 5. exd6 exd6 6. Nc3 Be7 7. h3 O-O 8.
Bd3 Bf6 9. Nge2 Nc6 10. b3 Nb4 11. Bb1 a5 12. a3 Na6 13. O-O c6 14. Bf4 d5
15. c5 Nd7 16. b4 Nc7 17. b5 Nxb5 18. Nxb5 cxb5 19. Bd3 Nb8 20. Bd6 Be7 21.
Bxe7 Qxe7 22. Nc3 Be6 23. Nxb5 Nc6 24. Qf3 Qg5 25. Rfe1 a4 26. Rab1 g6 27.
Rb2 Ra5 28. Rd1 Bc8 29. Bf1 Kg7 30. Nd6 Ra7 31. Qe3 Qd8 32. Qf4 Ne7 33. Bd3
Nc6 34. Re1 Qa5 35. Ne8+ Rxe8 36. Rxe8 Be6 37. Re2 Bd7 38. R8e3 Qd8 39. Rf3
f6 40. h4 h5 41. Rg3 f5 42. Qd6 1-0

[Event "WCh-Women"]
[Site "Nalchik RUS"]
[Date "2008.08.29"]
[Round "1.1"]
[White "Mkrtchian,L"]
[Black "Moser,E"]
[Result "1/2-1/2"]
[WhiteElo "2436"]
[BlackElo "2383"]
[EventDate "2008.08.29"]

1. Nf3 d5 2. c4 d4 3. b4 f6 4. e3 e5 5. Qa4+ Qd7 6. Qb3 c5 7. bxc5 Na6 8.
exd4 exd4 9. Qb5 Qxb5 10. cxb5 Nb4 11. Nxd4 Bxc5 12. Nb3 Bb6 13. Na3 Be6
14. Bb2 O-O-O 15. Bc3 Nxa2 16. Bc4 Bxc4 17. Nxc4 Nxc3 18. dxc3 Ne7 19. O-O
Nf5 20. Rfd1 Rxd1+ 21. Rxd1 h5 22. Kf1 Rd8 23. Rxd8+ 1/2-1/2

[Event "WCh-Women"]
[Site "Nalchik RUS"]
[Date "2008.08.29"]
[Round "1.1"]
[White "Tan Zhongyi"]
[Black "Sachdev,T"]
[Result "1/2-1/2"]
[WhiteElo "2387"]
[BlackElo "2432"]
[EventDate "2008.08.29"]

1. d4 Nf6 2. c4 e6 3. Nf3 b6 4. g3 Bb7 5. Bg2 Be7 6. O-O O-O 7. Nc3 Ne4 8.
Qc2 Nxc3 9. Qxc3 c5 10. Rd1 d6 11. b3 Bf6 12. Bb2 Nc6 13. Qd2 Qe7 14. d5
exd5 15. Bxf6 Qxf6 16. Qxd5 Rad8 17. e3 Rfe8 18. Qg5 Qb2 19. Ne1 Qe5 20.
Qh4 g6 21. Rac1 Na5 22. Bxb7 Nxb7 23. Rd5 Qg7 24. Nf3 Rd7 25. Rcd1 Rde7 26.
Qh3 h6 27. Qg2 Re6 28. h4 Qf6 29. h5 Nd8 30. Nh2 Kg7 31. Ng4 Qe7 32. Qh1 g5
33. Rf5 f6 34. Qf3 Nf7 35. Rfd5 Ne5 36. Qf5 Nxg4 37. Qxg4 Rd8 38. a4 a5 39.
R5d3 Re5 40. Qf3 Qc7 41. R1d2 Re6 42. Qf5 Qf7 43. Qd5 f5 44. Rd1 Kf6 45.
Qc6 d5 46. Qb5 d4 47. exd4 Rxd4 48. Rxd4 cxd4 49. Qd5 Qxh5 50. Qxd4+ Kg6
51. Qd7 Qe2 52. Rd6 Rxd6 53. Qxd6+ Kh5 54. Qxb6 f4 55. Qd4 f3 56. Qe3 Qd1+
57. Kh2 Qe2 58. g4+ Kxg4 59. Qd4+ Kf5 60. Kg3 h5 61. Qd5+ Qe5+ 62. Qxe5+
Kxe5 63. Kxf3 Kd4 64. Kg3 Ke4 65. f3+ Ke5 66. Kf2 Kd4 67. Ke2 Ke5 68. Ke3
h4 69. Kf2 1/2-1/2

[Event "WCh-Women"]
[Site "Nalchik RUS"]
[Date "2008.08.29"]
[Round "1.1"]
[White "Bojkovic,N"]
[Black "Ju Wenjun"]
[Result "1/2-1/2"]
[WhiteElo "2423"]
[BlackElo "2389"]
[EventDate "2008.08.29"]

1. e4 c5 2. Nf3 d6 3. d4 cxd4 4. Nxd4 Nf6 5. Nc3 a6 6. Be3 e5 7. Nf3 Be7 8.
Bc4 O-O 9. O-O Be6 10. Bb3 Nc6 11. Bg5 Nd7 12. Bxe7 Qxe7 13. Nd5 Qd8 14.
Qe2 Rc8 15. Rad1 Na5 16. Ne3 Nxb3 17. axb3 Rc6 18. Rd2 Qe7 19. Nd5 Bxd5 20.
Rxd5 Rfc8 21. Rd2 Nf6 22. Rfd1 g6 23. Ne1 Kg7 24. c3 Qe6 25. b4 Rd8 26. Nd3
Rd7 27. f3 Rc8 28. Nf2 Nh5 29. Ng4 Nf6 30. Nxf6 Qxf6 31. b5 axb5 32. Qxb5
Rc6 33. Rd5 Qd8 34. Qe2 Rc5 35. R5d3 Qb6 36. Qf2 Rc6 37. R1d2 Kf8 38. Qxb6
Rxb6 39. Kf2 Ke7 40. Ke3 Rd8 41. Rd5 Ra8 42. Kd3 Ra1 43. Kc2 Rc6 44. Rb5 b6
45. Rd1 Ra8 46. Rb3 f5 47. Ra3 Rxa3 48. bxa3 fxe4 49. fxe4 Rc4 50. Kd3 Ra4
51. Rb1 Rxa3 52. Rxb6 Ra7 53. Rb8 Ke6 54. Re8+ Kf7 55. Rd8 Ke6 56. Re8+ Kf6
57. Rf8+ Kg5 58. Rf2 Ra4 59. Ke3 h5 60. Rd2 Ra6 61. Kf3 Kf6 62. Ke3 Ke6 63.
Kf3 Ra3 64. Rd3 Ra2 65. h4 Rc2 66. g3 Kd7 67. Ke3 Kc6 68. Kf3 Ra2 69. Rd1
Ra3 70. Rd3 Ra6 71. Rd5 Ra3 1/2-1/2

[Event "WCh-Women"]
[Site "Nalchik RUS"]
[Date "2008.08.29"]
[Round "1.1"]
[White "Mongontuul,B"]
[Black "Rajlich,I"]
[Result "1-0"]
[WhiteElo "2406"]
[BlackElo "2417"]
[EventDate "2008.08.29"]

1. e4 e6 2. d4 d5 3. Nc3 Bb4 4. e5 c5 5. a3 Bxc3+ 6. bxc3 Qa5 7. Bd2 Qa4 8.
Qg4 Kf8 9. Qd1 Nc6 10. Nf3 c4 11. h4 h6 12. h5 Ke8 13. Rh4 Nge7 14. Rf4 Rf8
15. g3 Bd7 16. Nh4 Nf5 17. Bh3 Nxh4 18. Rxh4 Ne7 19. Rf4 Rc8 20. Rb1 b6 21.
Bc1 Qa5 22. Qf3 b5 23. Kd1 Rc6 24. Rb4 Rb6 25. Qg4 Rg8 26. Rf3 Qa6 27. Qh4
Qc8 28. g4 a5 29. Rb1 b4 30. axb4 axb4 31. cxb4 Nc6 32. g5 hxg5 33. Bxg5
Qb7 34. c3 Ra6 35. Ke1 Bc8 36. Kf1 Ra2 37. Qf4 Na7 38. Bh4 Nb5 39. Qg5 Qc7
40. h6 Kf8 41. hxg7+ Rxg7 42. Qh6 Nxd4 43. cxd4 c3 44. Rg3 1-0